Statistics for Chinese Airlines Hubs/Focus Cities

Click here to take the quiz!

General Stats

  • This quiz has been taken 231 times
  • The average score is 76 of 106

Answer Stats

HintAnswer% Correct
Air China | China Eastern | China Southern | +4 othersBeijing-Capital
99%
Air China | China Eastern | Juneyao Airlines | +2 othersShanghai-Hongqiao
99%
Air China | China Eastern | China Southern | +3 othersShanghai-Pudong
99%
Hainan AirlinesBeijing-Capital
98%
Air China | China Eastern | China Southern | +2 othersGuangzhou
95%
XiamenairXiamen
92%
Air China | Chengdu Airlines | China Eastern | +2 othersChengdu
91%
China Southern | Donghai Airlines | Hainan Airlines | Shenzhen AirlinesShenzhen
91%
China Eastern | China Southern | Hainan Airlines | +2 othersXi'an
91%
Air China | China Southern | Chongqing Airlines | Sichuan AirlinesChongqing
89%
Air China | Okay Airways | Tianjin Airlines | XiamenairTianjin
86%
Air China | China Eastern | China SouthernWuhan
81%
China Eastern | Shenzhen AirlinesNanjing
78%
China SouthernHarbin
76%
Air China | China Eastern | China Southern | +2 othersHangzhou
75%
China Southern | Hainan Airlines | Tianjin AirlinesUrumqi
75%
China Eastern | Lucky Air | Sichuan AirlinesKunming
73%
China Eastern | Shandong AirlinesQingdao
71%
China Southern | Shenzhen AirlinesShenyang
67%
China Southern | XiamenairChangsha
65%
XiamenairFuzhou
64%
China Southern | Hainan Airlines | Tianjin AirlinesDalian
61%
China Southern | Hainan Airlines | Tianjin AirlinesHaikou
61%
China SouthernZhengzhou
61%
Air ChinaLhasa
59%
Shenzhen Airlines | Tianjin AirlinesNanning
54%
Shandong AirlinesJinan
50%
China EasternNingbo
44%
China EasternHefei
41%
Shenzhen AirlinesWuxi
41%
China SouthernChangchun
40%
Air China | China Southern | Tianjin AirlinesGuiyang
39%
China Eastern | XiamenairNanchang
39%
China Eastern | Spring AirlinesShijiazhuang
39%
China Eastern | Hainan AirlinesTaiyuan
39%
China Eastern | Hainan AirlinesLanzhou
38%
Air China | Tianjin AirlinesHohhot
36%
XiamenairQuanzhou
31%
China SouthernZhuhai
22%
China EasternChangzhou
21%
Shandong AirlinesYantai
17%
Shenzhen AirlinesYangzhou
12%
XiamenairWuyishan
7%
China SouthernJieyang
6%

Score Distribution

Percentile by Number Answered

Percent of People with Each Score

Your Score History

You have not taken this quiz